| 000 | 00477nam a2200181Ia 4500 | ||
|---|---|---|---|
| 005 | 20250530171355.0 | ||
| 008 | 008 250505s9999 xx 000 0 eng d | ||
| 020 | _a9788131253731 | ||
| 040 |
_beng _cILCL |
||
| 041 |
_aeng _2eng |
||
| 084 | _aZ2,853 Q8 | ||
| 100 | _aKafaltiya, A B | ||
| 245 | 0 | _aTextbook on Pleadings, Drafting & Conveyancing | |
| 250 | _a2 | ||
| 260 |
_aHaryana _bLexis Nexis _c2018 |
||
| 300 | _axvii,393p. | ||
| 942 |
_cTB _2Colon Classification |
||
| 999 |
_c1311902 _d1311902 |
||